banner koha

Propostas do Sistema OCB à Presidência da República 2015-2018 (Registro n. 260007)

MARC details
000 -LÍDER
Campo de controle fixo 00733nam a22002657a 4500
001 - NÚMERO DE CONTROLE
Número de controle BR2023002208
003 - CÓDIGO MARC DA AGÊNCIA CATALOGADORA
Campo de controle BR-BrBNA
005 - DATA E HORA DA ÚLTIMA ATUALIZAÇÃO
Campo de controle 20231213155055.0
008 - CAMPO DE TAMANHO FIXO
Campo fixo de controle 231213b bl.||||| |||| 00| 0 por d
040 ## - FONTE DA CATALOGAÇÃO
Agência catalogadora BR-BrBNA
Idioma da catalogação por
041 ## - CÓDIGO DO IDIOMA
Código do Idioma por
072 ## - CATEGORIA AGRIS
Código da categoria de assunto/objeto <a href="E40">E40</a>
090 ## - NÚMERO DE CHAMADA
Localização na estante E40 BR2023002208
110 1# - ENTRADA PRINCIPAL - ENTIDADE
9 (RLIN) 9582
Nome da entidade ou lugar Sistema OCB, Brasília, DF (Brasil)
245 ## - TÍTULO PRINCIPAL
Título principal Propostas do Sistema OCB à Presidência da República 2015-2018
260 ## - IMPRENTA (PUBLICAÇÃO, DISTRIBUIÇÃO, ETC.)
Lugar de publicação, distribuição, etc. Brasília, DF (Brasil)
Data de publicação, distribuição, etc [nd]
300 ## - DESCRIÇÃO FÍSICA
Extensão 60 p.
500 ## - NOTA GERAL
Notas gerais Published 2014?; 9 illus.; 3 tables
650 ## - ASSUNTO - THESAGRO
Cabeçalho tópico ou nome geográfico COOPERATIVISMO
650 ## - ASSUNTO - THESAGRO
Cabeçalho tópico ou nome geográfico COOPERATIVA
650 ## - ASSUNTO - THESAGRO
Cabeçalho tópico ou nome geográfico DESENVOLVIMENTO COOPERATIVISTA
650 ## - ASSUNTO - THESAGRO
Cabeçalho tópico ou nome geográfico LEGISLAÇÃO
909 ## - IDENTIFICAÇÃO DO CATALOGADOR
Ano e mês da catalogação (aaaamm) 202312
Identificação do catalogador Fernando
942 ## - TIPO ESPECÍFICO
Tipo de material Livros
952 ## - LOCATION AND ITEM INFORMATION (KOHA)
-- 2023-12-13
Exemplares
Status de empréstimo Fonte de classificação Status de danificação Não pode ser emprestado Código da coleção Localização permanente Localização atual Localização na estante Total Checkouts Número de chamada Código de barras Tipo de material
  Classificação AGRIS     Agrobase Biblioteca Nacional de Agricultura - Binagri Biblioteca Nacional de Agricultura - Binagri Agrobase - Acervo Geral   E40 BR2023002208 2023-437287 Livros

BINAGRI

Telefone: (61)3218-2567/2388/3357/2097 - binagri@agro.gov.br

Ministério da Agricultura e Pecuária , Esplanada dos Ministérios, Bloco D, Anexo B, Brasília/DF, CEP: 70.043-900